000 00700nam a2200253 4500
003 OSt
005 20260601193527.0
008 260509b1998 |||a|||| |||| 00| 0 eng d
040 _aICI
_bspa
_cICI
050 _aNK1505
_bN45 1977
245 1 _aWhy Design
264 _bIDSA
_c1998
_aNew York
300 _a48 páginas
336 _atexto
_2rdacontent
337 _asin medio
_2rdamedia
338 _avolumen
_2rdacarrier
650 _aDiseño industrial
_935906
650 _aFilosofía del diseño
_935907
650 _aDiseño y sociedad
_935908
650 _aEstética industrial
_935909
650 _aDiseño contemporáneo
_935910
650 _aCultura material
_935911
942 _2lcc
_cB
_n1
999 _c21219
_d21219